ბათუმის შოთა რუსთაველის სახელმწიფო უნივერსიტეტის ბიბლიოთეკა

ფემინიზმის თავგადასავალი : (ბიბ.ჩანაწერი № 55587)

000 -ლიდერი
ფიქსირებული სიგრძის საკონტროლო ველი 02204nam a2200325Ia 4500
001 - საკონტროლო ნომერი
საკონტროლო ველი 22669
003 - საკონტროლო ნომრის იდენტიფიკატორი
საკონტროლო ველი GE_BSU
005 - ბოლო ოპერაციის თარიღი და დრო
საკონტროლო ველი 20230411155339.0
008 - ფიქსირებული სიგრძის მონაცემთა ელემენტები - ზოგადი ინფორმაცია
ფიქსირებული სიგრძის საკონტროლო ველი 181216s ||||ge |||||||||||||| ||geo||
020 ## - წიგნის საერთაშორისო სტანდარტული ნომერი
International Standard Book Number 9789941099700
040 ## - კატალოგიზაციის წყარო
Transcribing agency GE_BSU
041 ## - ენის კოდი
Language code of text/sound track or separate title geo
080 ## - უნივერსალური ათობითი კლასიფიკაციის ინდექსი
Universal Decimal Classification number 141.72+316.346.2 ფ-90
100 ## - მთავარი ჩანაწერი - პიროვნების სახელი
Personal name ფრეიზერი, ნენსი
9 (RLIN) 17623
245 ## - ცნობა სათაურის შესახებ
Title ფემინიზმის თავგადასავალი :
Remainder of title სახელმწიფოს მიერ მართული კაპიტალიზმიდან ნეოლიბერალურ კრიზისამდე /
Statement of responsibility, etc ნენსი ფრეიზერი ; ინგლ. სტატიების თარგმანი გიორგი ჩუბინიძე ; სამეცნ. რედაქტორი: თამარ ცხადაძე ; დიზაინი დავით სიმონია.
264 ## - წარმოების, გამოცემის, დისტრიბუციის და სხვა ცნობები
გამოცემის, წარმოების, დისტრიბუციის... ადგილი თბილისი :
გამოცემის, წარმოების, დისტრიბუციის... სახელწოდება ჰაინრიხ ბიოლის ფონდის სამხრეთ კავკასიის რეგიონული ბიურო [შპს სეზანი],
გამოცემის, წარმოების, დისტრიბუციის... თარიღი 2017.
300 ## - ფიზიკური აღწერა
Extent 392 გვ. ;
Dimensions 24 სმ.
500 ## - ზოგადი შენიშვნა
General note თავფურცელზე ავტორი აღნიშნული არ არის
501 ## - შენიშვნა თანმხლებ მასალაზე
With note პირთა საძიებელი : გვ. 387-389
504 ## - BIBLIOGRAPHY, ETC. NOTE
Bibliography, etc ბიბლიოგრ. : გვ. 363-385
520 ## - SUMMARY, ETC.
Summary, etc თავფურცელზე ავტორი აღნიშნული არ არის.
653 ## - INDEX TERM--UNCONTROLLED
Uncontrolled term სოციოლოგია
653 ## - INDEX TERM--UNCONTROLLED
Uncontrolled term ფემინიზმის თავგადასავალი
653 ## - INDEX TERM--UNCONTROLLED
Uncontrolled term სახელმწიფოს მიერ მართული კაპიტალიზმიდან ნეოლიბერალურ კრიზისამდე
653 ## - INDEX TERM--UNCONTROLLED
Uncontrolled term ფემინისტური მოძრაობა
653 ## - INDEX TERM--UNCONTROLLED
Uncontrolled term გენდერული თანასწორობა
700 ## - ADDED ENTRY--PERSONAL NAME
Personal name ცხადაძე, თამარ
Relator term რედაქტორი
9 (RLIN) 17624
942 ## - ADDED ENTRY ELEMENTS (KOHA)
Koha item type წიგნი
Source of classification or shelving scheme
ეგზემპლარები
ჩამოწერის სტატუსი დაკარგული ეგზემპლარის სტატუსი კლასიფიკაციის წყარო ან თაროზე გაწყობის სქემა დაზიანების სტატუსი არ გაიცემა მუდმივი მდებარეობა (დაცვის ადგილი) ამჟამინდელი ადგილსამყოფელი თაროზე განთავსების ადგილი შეძენის თარიღი ღირებულება, შესყიდვის ნორმალური ფასი სრული შენახვის შიფრი შტრიხკოდი ბოლო ოპერაციის თარიღი ეგზემპლარის მიმდევრობითი ნომერი (კეტერი?) ფასის ძალაში შესვლის თარიღი ეგზემპლარის სახეობა საჯარო შენიშვნა
          ბათუმის შოთა რუსთაველის სახელმწიფო უნივერსიტეტის მთავარი ბიბლიოთეკა ბათუმის შოთა რუსთაველის სახელმწიფო უნივერსიტეტის მთავარი ბიბლიოთეკა წიგნსაცავი 2018-12-17 5.00 141.72+316.346.2 ფ-90 58084 2018-12-17 58084 2018-12-17 წიგნი 5.00 ₾.